Možnosti rozvoja klubového cestovného ruchu na Slovensku

Podstata klubového cestovného ruchu. História klubového cestovného ruchu. Podmienky a typológia klubového cestovného ruchu. Dopyt po klubovom cestovnom ruchu na Slovensku. Prieskum.

Salvato in:
Dettagli Bibliografici
Autore principale: Papánová, S.
Natura: Capitolo di libro
Lingua:slovacco
Soggetti:
Tags: Aggiungi Tag
Nessun Tag, puoi essere il primo ad aggiungerne!!

MARC

LEADER 00000naa a2200000 4500
001 r021525
005 20230724101622.5
041 0 |a slo 
044 |a SK 
245 1 0 |a Možnosti rozvoja klubového cestovného ruchu na Slovensku  |c S. Papánová 
520 |a Podstata klubového cestovného ruchu. História klubového cestovného ruchu. Podmienky a typológia klubového cestovného ruchu. Dopyt po klubovom cestovnom ruchu na Slovensku. Prieskum. 
610 2 0 |a ruch cestovný dlhodobý 
610 2 0 |a ruch cestovný klubový 
610 2 0 |a pojmy 
610 2 0 |a dovolenka 
610 2 0 |a história 
610 2 0 |a 1950-1995 
610 2 0 |a Európa 
610 2 0 |a svet 
610 2 0 |a Slovensko 
610 2 0 |a dopyt 
100 1 |a Papánová, S.